Normal view
MARC view
- بايلي، عيسى حبيب
Entry Personal Name
001 - CONTROL NUMBER
- control field: 38776
003 - CONTROL NUMBER IDENTIFIER
- control field: OSt
005 - DATE AND TIME OF LATEST TRANSACTION
- control field: 20151122122554.0
008 - FIXED-LENGTH DATA ELEMENTS
- fixed length control field: 151122|| aca||aabn | a|a d
040 ## - CATALOGING SOURCE
- Original cataloging agency: OSt
100 1# - HEADING--PERSONAL NAME
- Personal name: بايلي، عيسى حبيب
400 0# - SEE FROM TRACING--PERSONAL NAME
- Personal name: عيسى حبيب بايلي